01225nam a22002417a 450000500170000000800410001702000150005804000230007305000110009611001040010724502520021126000990046330000290056250400510059165000500064265000510069265000480074365000490079170000190084070000220085970000230088171000790090420240328073347.0240328b |||||||| |||| 00| 0 eng d a9290811277 aKMUcKMUdKMUerda00aSF 1802 aAnimal Traction Network for Eastern and Southern Africa.bWorkshopn(1st :d1992 :cLusaka, Zambia)10aImproving animal traction technology :bproceedings of the First Workshop of the Animal Traction Network for Eastern and Southern Africa (ATNESA) held 18-23 January 1992, Lusaka, Zambia /cPaul Starkey, Emmanuel Mwenya, and John Stares, (editors). aWageningen, The Netherlands :bTechnical Centre for Agricultural and Rural Cooperation,c1994. a490 p. :bill. ;c25 cm. aIncludes bibliographical references and index. 0aAnimal tractionzAfrica, EasternxCongresses. 0aAnimal tractionzAfrica, SouthernxCongresses. 0aDraft animalszAfrica, EasternxCongresses. 0aDraft animalszAfrica, SouthernxCongresses.1 aStarkey, Paul.1 aMwenya, Emmanuel.1 aStares, John E. S.2 aTechnical Centre for Agricultural and Rural Cooperation (Ede, Netherlands)